| 000 | 00491nam a22001817a 4500 | ||
|---|---|---|---|
| 005 | 20251108164226.0 | ||
| 008 | 250721s1986 xx 000 0 ara d | ||
| 082 | 1 | 4 | _a618.2/بور |
| 100 | 1 | _aبورن، غوردن | |
| 245 | 1 | 0 | _aالحمل / |
| 264 | 1 |
_aعمان : _bمؤسسة عبدالحميد شومان، _c1986. |
|
| 300 | _a572ص. | ||
| 650 | 1 | 7 | _aالولادة |
| 650 | 1 | 7 | _aالحمل |
| 700 | 1 |
_aالكيلاني، زيد _eترجمة |
|
| 942 |
_2ddc _cBK |
||
| 999 |
_c6840 _d6840 |
||